| 000 | 00796nam a22003010a 4500 | ||
|---|---|---|---|
| 001 | PT57391 | ||
| 003 | AR-LpoUNG | ||
| 005 | 20210131231813.0 | ||
| 008 | 191001s2007||||ag |||||||||||||||||spa d | ||
| 020 |
_a9789505639175 _c$39 |
||
| 040 |
_aAR-LpoUNG _bspa _cAR-LpoUNG _eaacr |
||
| 041 | _aspa | ||
| 044 | _aag | ||
| 082 | 0 | _aA863 215his | |
| 100 | 1 | _aCancela, Arturo | |
| 245 | 1 | 0 | _aHistoria funambulesca del profesor Landormy |
| 250 | _a1ra. ed. | ||
| 260 |
_aBuenos Aires : _bBiblioteca Nacional - Colihue, _c2007. |
||
| 300 |
_a563 p. : _bil. |
||
| 650 | 4 | _aARGENTINA | |
| 650 | 4 | _aLITERATURA | |
| 650 | 4 | _aNOVELAS | |
| 651 | 4 | _aDOCUMENTOS TEORICOS O METODOLOGICOS | |
| 653 | _aLITERATURA ARGENTINA | ||
| 700 | 1 |
_aCapelli, DarĂo _eint. |
|
| 905 | _a57391 | ||
| 942 | _cLIB | ||
| 999 |
_c12035 _d12035 |
||